Guess the Liam Payne song with no hints #2 - Statistics

General Stats
  • This quiz has been taken 10 times
  • The average score is 287 of 326
Answer Stats
Answer % Correct
a
100%
and
100%
are
100%
be
100%
But
100%
but
100%
did
100%
do
100%
don't
100%
Don't
100%
Down
100%
down
100%
(Down
100%
friends
100%
I
100%
I,
100%
is
100%
it
100%
know
100%
love
100%
me
100%
me,
100%
on
100%
that
100%
the
100%
this
100%
we
100%
When
100%
when
100%
you
100%
you?
100%
you,
100%
again
86%
again,
86%
All
86%
am
86%
any
86%
Any
86%
better
86%
cause
86%
Cause
86%
come
86%
cry
86%
cry,
86%
face
86%
face)
86%
fallin'
86%
from
86%
gonna
86%
hold
86%
how
86%
I'll
86%
I'm
86%
just
86%
last
86%
learn
86%
make
86%
man
86%
my
86%
night
86%
night)
86%
see
86%
so
86%
Tell
86%
there
86%
things
86%
to
86%
too
86%
what
86%
(What
86%
your
86%
Baby,
71%
broken
71%
Checkin'
71%
could
71%
hate
71%
hatin'
71%
little
71%
Maybe
71%
myself
71%
oh
71%
Ooh,
71%
(Ooh)
71%
sorry
71%
swear
71%
Teardrops
71%
tryna
71%
crazy
57%
lately
57%
Lately,
57%
phone
57%
problem,
57%
Really
57%
room
57%
sense
57%
softly
57%
strugglin'
57%
wish
57%
words
57%
break
43%
mend
43%
sunrise
43%
bend
29%
No matching quizzes found
Score Distribution
Percent of People with Each Score
Percentile by Number Answered
Your Score History
You have not taken this quiz